000
00285nam a22001337a 4500
008
181217b xxu||||| |||| 00| 0 eng d
020
_a
9780072121209
041
_a
eng
080
_a
1004
100
_a
37
101
_a
SHK
245
_a
101 Oracle Dba
_c
James. V
942
_2
udc
_c
BK
999
_c
53183
_d
53183